| 000 | 00420nam a22001691a 4500 | ||
|---|---|---|---|
| 020 | _a9788170163541 | ||
| 082 |
_aH803 _bRAV/S |
||
| 100 | _aRavindra Kalia | ||
| 245 |
_aSrijan ke sahyaatri/ _cby Ravindra Kalia |
||
| 260 |
_aNew Delhi: _bKitab Bhavan, _c1996. |
||
| 300 | _a171p. | ||
| 650 | _aMemoirs Ravindra Kaliya | ||
| 650 | _aMemoirs Hindi | ||
| 650 | _aLiterature Hindi | ||
| 650 | _aLiterature | ||
| 942 | _cBK | ||
| 999 |
_c43802 _d43802 |
||